| 000 | 01353nam a22002417a 4500 | ||
|---|---|---|---|
| 999 |
_c21130 _d21130 |
||
| 003 | AR-CdUCM | ||
| 008 | 191217b ||||| |||| 00| 0 eng d | ||
| 040 |
_aMUNICIPALIDAD PROVINCIAL DEL CUSCO _cBIBLIOTECA MUNICIPAL DEL CUSCO |
||
| 082 |
_a025.3 / UN61 _bUN61 |
||
| 245 | _aSimposio Nacional puesta en valor del patrimonio documental de la Intendencia del Cusco y su catalogación para el análisis histórico / | ||
| 260 |
_aCusco : _bInaudi, _c2019. |
||
| 300 |
_a120 páginas ; _c15x20 cm. |
||
| 505 | _aContenido: La intendencia del Cuzco (1784-1824) y su importancia para la historia regional. Santiago Tácunan Bonifacio -- Conservación preventiva: comprensión y aplicación en la gestión documental. Nicolas Díaz Sánchez -- Propuesta metodológica correspondiente al proyecto “puesta en valor del patrimonio documental de la intendencia del Cusco y su catalogación para el análisis histórico”. Fernando Valle Rondón. …. | ||
| 650 |
_aArchivos históricos _944088 |
||
| 650 |
_aFuentes documentales _944089 |
||
| 650 |
_aPatrimonio documental _944090 |
||
| 650 |
_aIntendencia del Cusco _93258 |
||
| 650 |
_acatalogación documentaria _944091 |
||
| 710 |
_aUniversidad Nacional de San Antonio Abad del Cusco _915942 |
||
| 710 |
_aEscuela Profesional de Historia _944092 |
||
| 942 |
_2ddc _cLIBROS |
||
| 945 |
_aRoel _d17-12-2019 |
||